Представление документа в формате MARC21

Поле Инд. ПП Название Значение
Тип записи a
Библиографический уровень b
001 Контрольный номер RU/IS/BASE/441290473
005 Дата корректировки 20200522191632.2
008 Кодируемые данные 20131225
040 b Код языка каталог. rus
e Правила каталог. PSBO
041 0_ a Код языка текста rus
084 a Индекс другой классификации/Индекс ББК 65.050.2
100 1_ a Автор Лихошерстова Г.
245 10 a Заглавие Управление социально-экономическим развитием региона на основе кластерного подхода
504 a Библиография Лит. в конце статьи
520 a Аннотация В статье рассматриваются современные условия определения направлений эффективного социально-экономического развития регионов России, способствующие активному применению кластерного подхода в сочетании с методами оценки состава и содержания основных и специфических факторов развития регионов.
650 14 a Основная рубрика региональная экономика
a Основная рубрика управление экономикой
a Основная рубрика экономика
653 1_ a Ключевые слова кластерный подход
a Ключевые слова конкурентоспособность региона
a Ключевые слова конкурентоспособность экономики
a Ключевые слова макроэкономика
a Ключевые слова развитие регионов
a Ключевые слова регионы России
a Ключевые слова Россия
a Ключевые слова социально-экономическое развитие
a Ключевые слова управление регионами
a Ключевые слова эффективность экономики
773 08 t Заглавие источника РИСК: ресурсы, информация, снабжение, конкуренция
d Дата издания источника 2012
g Прочая информация № 3. - С. 236 - 240 : табл.
w Контрольный № источника RU/IS/BASE/407439363
901 t Тип документа b